000 00647cam a2200193 4500
020 _a070022243X
040 _cthe United State of America
082 0 _a526 INT 1969 A030 Or.
100 1 _aBrinker, Russell C.
245 1 0 _aElementary surveying
250 _a5th ed.
260 _aScranton,
_bInternational Textbook Co.
_c[1969]
300 _axviii, 620 p.
_billus.
_c24 cm.
490 0 _aInternational textbooks in civil engineering
500 _aFirst-2d ed., published 1939-49, by W. C. Taylor; 3d-4th ed., published 1955-61, by R. C. Brinker and W. C. Taylor.
650 0 _aSurveying
700 1 _aTaylor, Warren Crosby,
942 _cEK
999 _c11500
_d11500